000
00257nam a2200097Ia 4500
082
_a
616.995 FINE
245
0
_a
Tuberculosis
100
_a
FINER, Kim Renee Philadelphia, 2003
_9
74571
942
_c
BK
008
210817s9999 xx 000 0 und d
999
_c
406118
_d
406117